000 00499 a2200145 4500
001 ART_6564
005 20260410161826.0
008 260409a
245 1 0 _aCaracterísticas del consumo de productos pesqueros de los residentes y turistas de Mar del Plata
100 1 _aErrazti, Elizabeth
700 1 _aBertolotti, María Isabel
700 1 _aPagani, Andrea Noemí
700 1 _aGualdoni, Patricia Alejandra
773 0 _tFACES
_g- Año 10, Nº 20 (may./ago. 2004)
_wREV5046
999 _c22783
_d22783